000 00913nam a2200241 a 4500
003 DO-SdBNP
005 20250116163337.0
006 a||||fr|||| 00| 0
007 ta
008 230810e1997 dr a|||| |||| 00| 0 spa d
040 _aDO-SdBNP
_bspa
_cBNPHU
_erda
082 4 _222
_bE82e
245 0 0 _aEstrategias para la educación y el desarrollo infantil:
_buna propuesta de educación no formal para niños y niñas menores de cinco años con base en la familia y la comunidad. /
264 1 _aSanto Domingo
_bSEEC,
_bUNICEF,
_c1997
300 _a[14] páginas :
_bIlustraciones, gráficas ;
_c27 cm.
336 _2rdacontent
_atexto
_btxt
337 _2rdamedia
_asin mediación
_bn
338 _2rdacarrier
_avolumen
_bnc
590 _aInventariado 2023 / MF
710 1 _aRepública Dominicana.
_bSecretaría de Estado de Educación y Cultura
_eautor
_918697
710 2 _aUNICEF
_eautor
_983236
942 _2ddc
_cLF2
999 _c54379
_d54379